000 00381nam a2200145Ia 4500
008 230711s9999||||xx |||||||||||||| ||und||
041 _aENG
082 _a621.8
_bSR-H
100 _aSrinivasan R
245 0 _aHandbook of machine foundation
250 _a11st Ed.
260 _c1976
_aNew Delhi
_bTata McGraw Hill Education Limited
650 _aMechanical Engineering
942 _cBK
999 _c1145
_d1145